[Event "Jonkoping op"]
[Site "Jonkoping"]
[Date "1988.??.??"]
[Round "7"]
[White "Johansson, Kurt Erik"]
[Black "Thorell, Eskil"]
[Result "1-0"]
[WhiteElo "1453"]
[BlackElo "1552"]
[PlyCount "31"]
[EventDate "1988.??.??"]
[EventType "swiss"]
[EventRounds "7"]
[EventCountry "SWE"]
[SourceTitle "EXT 2001"]
[Source "ChessBase"]
[SourceDate "2000.11.22"]
[SourceVersion "1"]
[SourceVersionDate "2000.11.22"]
[SourceQuality "1"]

1. e4 d6 2. d4 g6 3. c4 Bg7 4. Nc3 Nc6 5. Be3 Nf6 6. Be2 0-0 7. Qd2 e5 8. d5 Ne7 9. Bh6 Ne8 10. g4 Bxh6 11. Qxh6 f5 12. gxf5 gxf5 13. Nf3 Rf6 14. Rg1+ Kh8 15. Ng5 Rxh6 16. Nf7# 1-0

[Event "Jonkoping op"]
[Site "Jonkoping"]
[Date "1988.??.??"]
[Round "6"]
[White "Thorell, Eskil"]
[Black "Eriksson, Mats"]
[Result "0-1"]
[WhiteElo "1552"]
[BlackElo "1416"]
[PlyCount "60"]
[EventDate "1988.??.??"]
[EventType "swiss"]
[EventRounds "7"]
[EventCountry "SWE"]
[SourceTitle "EXT 2001"]
[Source "ChessBase"]
[SourceDate "2000.11.22"]
[SourceVersion "1"]
[SourceVersionDate "2000.11.22"]
[SourceQuality "1"]

1. d4 d5 2. c4 e5 3. dxe5 d4 4. a3 Nc6 5. Nf3 Bg4 6. Nbd2 Nge7 7. b4 Ng6 8. h3 Bxf3 9. Nxf3 Ngxe5 10. Nxe5 Nxe5 11. c5 Be7 12. Bb2 Bf6 13. Qc2 Qd7 14. Rd1 Rd8 15. Qe4 0-0 16. Bxd4 Nc6 17. Qd3 Bxd4 18. e3 Bc3+ 19. Ke2 Qxd3+ 20. Rxd3 Rxd3 21. Kxd3 Bb2 22. b5 Ne5+ 23. Ke4 Nd7 24. c6 bxc6 25. bxc6 Nb6 26. Bb5 Bxa3 27. Ra1 Bd6 28. Rxa7 Ra8 29. Rb7 g6 30. f4 Ra5 0-1

[Event "Jonkoping op"]
[Site "Jonkoping"]
[Date "1988.??.??"]
[Round "4"]
[White "Thorell, Eskil"]
[Black "Svensson, Jan"]
[Result "0-1"]
[WhiteElo "1552"]
[BlackElo "1490"]
[PlyCount "44"]
[EventDate "1988.??.??"]
[EventType "swiss"]
[EventRounds "7"]
[EventCountry "SWE"]
[SourceTitle "EXT 2001"]
[Source "ChessBase"]
[SourceDate "2000.11.22"]
[SourceVersion "1"]
[SourceVersionDate "2000.11.22"]
[SourceQuality "1"]

1. d4 Nf6 2. c4 c5 3. e3 g6 4. Nc3 Bg7 5. Nf3 cxd4 6. Nxd4 0-0 7. Be2 d5 8. 0-0 dxc4 9. Bxc4 Nbd7 10. Re1 Nc5 11. e4 e5 12. Nf3 Qxd1 13. Nxd1 Nfxe4 14. b4 Nd6 15. Nb2 Nxc4 16. Nxc4 Nd3 17. Rxe5 Nxe5 18. Nfxe5 Re8 19. Bf4 Be6 20. a3 Rad8 21. Rc1 f6 22. Nf3 Bxc4 0-1